00711nam a2200193Ia 4500999001700000082001200017100001900029245007900048260002700127300000900154650002800163650001700191650002400208650004800232700002300280710008400303942001200387952011800399 c18518d18518 aRR.0003 aRath, Gopal C. 0aProblems of Oriya migrant workers : A study of Dadan labour :A pilot study c1988bICSSR, New Delhi a98p. aMIGRANT LABOUR - ORISSA aDADAN SYSTEM aRURAL POOR - ORISSA aEMPLOYMENT AND UNEMPLOYMENT, RURAL - ORISSA aPatro, Guru Charan aBerhampur University, P.G.Department of Industrial Relations and Labour Welfare cRP2ddc 001040718IRPaNASSDOCbNASSDOCd2004-10-08i2004-10-22l0oRR.0003p27156r2019-04-18 00:00:00w2019-04-18yRP